<?xml version="1.0" encoding="UTF-8"?>
<record
    xmlns:xsi="http://www.w3.org/2001/XMLSchema-instance"
    xsi:schemaLocation="http://www.loc.gov/MARC21/slim http://www.loc.gov/standards/marcxml/schema/MARC21slim.xsd"
    xmlns="http://www.loc.gov/MARC21/slim">

  <leader>01281cam a22002895i 4500</leader>
  <controlfield tag="005">20150626145541.0</controlfield>
  <controlfield tag="008">140423s2012    bo a          000 0 spa  </controlfield>
  <datafield tag="040" ind1=" " ind2=" ">
    <subfield code="a">DLC</subfield>
    <subfield code="c">DLC</subfield>
    <subfield code="d">Co-BoIAVH</subfield>
  </datafield>
  <datafield tag="041" ind1=" " ind2=" ">
    <subfield code="a">spa</subfield>
  </datafield>
  <datafield tag="044" ind1=" " ind2=" ">
    <subfield code="a">bo</subfield>
  </datafield>
  <datafield tag="082" ind1=" " ind2="4">
    <subfield code="a">333.72</subfield>
    <subfield code="b">M66a</subfield>
  </datafield>
  <datafield tag="110" ind1="1" ind2=" ">
    <subfield code="a">Ministerio de Medio Ambiente y Agua (MMAyA)</subfield>
    <subfield code="9">34959</subfield>
  </datafield>
  <datafield tag="245" ind1="0" ind2="0">
    <subfield code="a">Areas protegidas subnacionales en Bolivia :</subfield>
    <subfield code="b">situaci&#xF3;n actual 2012.</subfield>
  </datafield>
  <datafield tag="250" ind1=" " ind2=" ">
    <subfield code="a">Guti&#xE9;rrez, Yorema... [et. al.]</subfield>
  </datafield>
  <datafield tag="260" ind1=" " ind2=" ">
    <subfield code="a">Bolivia:</subfield>
    <subfield code="b">Ministerio de Medio Ambiente y Agua (MMAyA),</subfield>
    <subfield code="c">2012.</subfield>
  </datafield>
  <datafield tag="300" ind1=" " ind2=" ">
    <subfield code="a">87 p.</subfield>
    <subfield code="b">il.</subfield>
    <subfield code="c">28 cm.</subfield>
  </datafield>
  <datafield tag="504" ind1=" " ind2=" ">
    <subfield code="a">Incluye referencias bibliogr&#xE1;ficas p. 85-86.</subfield>
  </datafield>
  <datafield tag="505" ind1=" " ind2=" ">
    <subfield code="a">1. Antecedentes.
2. Sistema nacional de &#xE1;reas protegidas.
3. Marco pol&#xED;tico, normativo e institucional.
4. Situaci&#xF3;n de las &#xE1;reas protegidas subnacionales.
5. Informaci&#xF3;n de las &#xE1;reas protegidas por departamento.
6. &#xC1;reas en proceso de creaci&#xF3;n.</subfield>
  </datafield>
  <datafield tag="650" ind1=" " ind2="4">
    <subfield code="a"> Conservaci&#xF3;n de la naturaleza</subfield>
    <subfield code="z">Bolivia</subfield>
    <subfield code="9">34960</subfield>
  </datafield>
  <datafield tag="650" ind1=" " ind2="4">
    <subfield code="a">Reservas Naturales</subfield>
    <subfield code="z">Bolivia</subfield>
    <subfield code="9">34961</subfield>
  </datafield>
  <datafield tag="650" ind1=" " ind2="4">
    <subfield code="a">Zonas protegidas</subfield>
    <subfield code="z">Bolivia</subfield>
    <subfield code="9">34962</subfield>
  </datafield>
  <datafield tag="700" ind1="1" ind2=" ">
    <subfield code="a">Guti&#xE9;rrez, Sharbel</subfield>
    <subfield code="e">Editora</subfield>
    <subfield code="9">34956</subfield>
  </datafield>
  <datafield tag="700" ind1="1" ind2=" ">
    <subfield code="a">Guti&#xE9;rrez, Yorema</subfield>
    <subfield code="e">Editora</subfield>
    <subfield code="9">34952</subfield>
  </datafield>
  <datafield tag="700" ind1="1" ind2=" ">
    <subfield code="a">Cabrera, H&#xE9;ctor</subfield>
    <subfield code="e">Editor</subfield>
    <subfield code="9">34957</subfield>
  </datafield>
  <datafield tag="700" ind1="1" ind2=" ">
    <subfield code="a">V&#xE1;squez, Jaime</subfield>
    <subfield code="e">Editora</subfield>
    <subfield code="9">34958</subfield>
  </datafield>
  <datafield tag="942" ind1=" " ind2=" ">
    <subfield code="2">ddc</subfield>
    <subfield code="c">LIBRO</subfield>
  </datafield>
  <datafield tag="999" ind1=" " ind2=" ">
    <subfield code="c">17491</subfield>
    <subfield code="d">17491</subfield>
  </datafield>
  <datafield tag="952" ind1=" " ind2=" ">
    <subfield code="0">0</subfield>
    <subfield code="1">0</subfield>
    <subfield code="2">ddc</subfield>
    <subfield code="4">0</subfield>
    <subfield code="7">0</subfield>
    <subfield code="8">GENERAL</subfield>
    <subfield code="I">INV2017</subfield>
    <subfield code="a">Bogota</subfield>
    <subfield code="b">Bogota</subfield>
    <subfield code="d">2015-06-26</subfield>
    <subfield code="e">Instituto</subfield>
    <subfield code="g">39000.00</subfield>
    <subfield code="l">0</subfield>
    <subfield code="o">LB-333.72 M66a</subfield>
    <subfield code="p">038910</subfield>
    <subfield code="r">2015-06-26 00:00:00</subfield>
    <subfield code="t">Ej. 1</subfield>
    <subfield code="w">2015-06-26</subfield>
    <subfield code="y">LIBRO</subfield>
  </datafield>
</record>
